Modern topics in biochemistry : structure and function of biological molecules /
Guardado en:
| Autor Principal: | |
|---|---|
| Otros Autores: | |
| Formato: | Libro |
| Idioma: | English |
| Publicado: |
New York :
Macmillan,
[1966]
|
| Etiquetas: |
Agregar Etiqueta
Sin Etiquetas, Sea el primero en etiquetar este registro!
|
| LEADER | 00535nam a22001455a 4500 | ||
|---|---|---|---|
| 001 | EEA.libagro005294 | ||
| 005 | 20180912130502.0 | ||
| 008 | 130809s1966####nyua##########000#0#eng#d | ||
| 082 | 0 | 4 | |a 574.192 |
| 100 | 1 | |a Bennett, Thomas Peter. | |
| 245 | 1 | 0 | |a Modern topics in biochemistry : |b structure and function of biological molecules / |c [by] Thomas Peter Bennett [and] Earl Frieden. |
| 260 | |a New York : |b Macmillan, |c [1966] | ||
| 300 | |a vi, 186 p. : |b il. ; |c 24 cm. | ||
| 700 | 1 | |a Frieden, Earl. | |
| 859 | |a AR-BbBCA |b BIB. AGRONOMIA |h 574.192 |i B472 |p 1996/2567 | ||
